| 000 | 01291nam a22002897i 4500 | ||
|---|---|---|---|
| 999 |
_c22700 _d22700 |
||
| 003 | AR-CdUCM | ||
| 008 | 230927b ||||| |||| 00| 0 spa d | ||
| 020 | _a978-612-4392-49-8 | ||
| 040 |
_aMUNICIPALIDAD PROVINCIAL DEL CUSCO _cBIBLIOTECA MUNICIPAL DEL CUSCO |
||
| 041 | _hspa | ||
| 082 |
_a985.01 / N942 _bN942 |
||
| 100 |
_aNúñez del Prado Béjar, Juan Víctor _948897 |
||
| 245 |
_aDiagnóstico Histórico Estructural del Perú : _bIntroducción a una ciencia política andina / _cNúñez del Prado Béjar, Juan Víctor |
||
| 260 |
_aCusco : _bUniversidad Andina del cusco, _c2021. |
||
| 300 |
_a251 páginas. : _c22 cm. |
||
| 500 | _zBibliografía: páginas 244-251 | ||
| 505 | _aGénesis y crecimiento de las civilizaciones andinas -- Las civilizaciones andina y occidental -- El proceso de encuentro entre civilizaciones -- La conquista el Perú (la colonia y la republica) -- Propuesta de una ciencia política andina -- Carácter del pensamiento político Peruano. | ||
| 650 |
_aHistoria andina _912263 |
||
| 650 |
_aCivilizaciones andinas _948898 |
||
| 650 |
_aConquista del Perú _915343 |
||
| 650 |
_aColonia _91685 |
||
| 650 |
_aRepública _9831 |
||
| 650 |
_aDemocracia _948899 |
||
| 856 | _fwww.uandina.edu.pe | ||
| 942 |
_2ddc _cLIBROS |
||
| 945 |
_apebm _d2023-09-27 |
||